Science Quiz

Random Science or Chemistry Quiz

Letter Fall: Chemical Elements Quiz Stats

 Plays Quiz Updated May 21, 2021

Support Sporcle.
Go Orange.
Score 0/8 Timer 01:30
0 Plays Today
% Correct
???
100%
???
94.9%
???
91.2%
???
81%
???
79.5%
???
78.3%
???
71.1%
???
69.2%

You're not logged in!

Compare scores with friends on all Sporcle quizzes.
OR
Log In

From the Vault

Presidential Christmas Trees

by BetterThanKate

The White House gets a little green.
Remove Ads.
Support Sporcle.
Get the best of Sporcle when you Go Orange. This ad-free experience offers more features, more stats, and more fun while also helping to support Sporcle. Thank you for becoming a member.

Show Comments

Extras

Top Quizzes Today


Score Distribution

Your Account Isn't Verified!

In order to create a playlist on Sporcle, you need to verify the email address you used during registration. Go to your Sporcle Settings to finish the process.

Report this User

Report this user for behavior that violates our Community Guidelines.

Details: